Detalles MARC
| 000 -LÍDER |
| Campo fijo de descripción fija |
01972cam a2200337 i 4500 |
| 001 - NÚMERO DE CONTROL |
| Campo de control |
768714001 |
| 003 - IDENTIFICADOR DEL NÚMERO DE CONTROL |
| Campo de control |
CO-MdFUSB |
| 005 - FECHA Y HORA DE LA ULTIMA TRANSACCIÓN |
| control field |
20240626101432.0 |
| 007 - CAMPO FIJO DE DESCRIPCIÓN FIJA--INFORMACIÓN GENERAL |
| Campo fijo de descripción fija |
ta |
| 008 - ELEMENTOS DE LONGITUD FIJA -- INFORMACIÓN GENERAL |
| Campo fijo de descripción fija -- Información general |
971022s1997 enk b 000 0 eng |
| 020 ## - NÚMERO INTERNACIONAL NORMALIZADO PARA LIBROS |
| Número Internacional Normalizado del libro |
08308123934 |
| 040 ## - FUENTE DE CATALOGACIÓN |
| Agencia de catalogación original |
DLC |
| Agencia que realiza la transcripción |
CO-MdFUSB |
| Agencia que realiza la modificación |
UKM |
| Idioma de catalogación |
spa |
| Convenciones de la descripción |
rda |
| 041 ## - CÓDIGO DE IDIOMA |
| Código de idioma para texto/pista de sonido o título separado |
eng |
| 082 ## - NÚMERO DE CLASIFICACIÓN DECIMAL DEWEY |
| Número de la edición del Dewey |
23 |
| Número de clasificación |
223.707 |
| Clave de autor-Numero de item |
AT875 |
| 100 1# - ASIENTO PRINCIPAL--NOMBRE PERSONAL |
| Nombre personal |
Atkinson, David John, |
| Fechas asociadas con el nombre |
1943- |
| Término relacionador |
autor |
| 245 14 - TÍTULO |
| Título del Material |
The message of Proverbs : |
| Parte restante del título - Subtitulo |
wisdom for life |
| Mención de responsabilidad, etc. |
/ David Atkinson |
| 264 #1 - PRODUCCIÓN, PUBLICACIÓN, DISTRIBUCIÓN, MANUFACTURA, Y COPYRIGHT |
| Lugar de producción, publicación, distribución, manufactura |
Leicester, England ; |
| Nombre del productor, publicador, distribuidor |
InterVarsity Press, |
| Fecha de producción, publicación, distribución, manufactura, o copyright |
[1997] |
| 264 #4 - PRODUCCIÓN, PUBLICACIÓN, DISTRIBUCIÓN, MANUFACTURA, Y COPYRIGHT |
| Fecha de producción, publicación, distribución, manufactura, o copyright |
© 1997 |
| 300 ## - DESCRIPCIÓN FÍSICA |
| Extensión |
173 páginas ; |
| Dimensiones |
21 cm. |
| 336 ## - TIPO DE CONTENIDO |
| Fuente |
rdacontent |
| Término de tipo de contenido |
texto |
| Código de tipo de contenido |
txt |
| 337 ## - TIPO DE MEDIO |
| Fuente |
rdamedia |
| Nombre del tipo de medio |
sin mediación |
| Código del tipo de medio |
n |
| 338 ## - TIPO DE SOPORTE |
| Fuente |
rdacarrier |
| Nombre del tipo de soporte |
volumen |
| Código Tipo de soporte |
nc |
| 490 1# - MENCIÓN DE SERIE |
| Mención de serie |
The Bible speaks today. |
| 505 ## - NOTA DE CONTENIDO |
| Nota de contenido con formato preestablecido |
La sabiduría de Dios: El retrato de la sabiduría (1:1 - 9:18). -- El pregonero (1:20-33). -- La sabiduría necesita ser buscada (2:1-9). -- Una personalidad encantadora (2:10-15). -- La sabiduría celebra la vida (3:13-18). -- A la sabiduría le gusta explorar (4:1-9) La sabiduría representa la justicia A la sabiduría le gustan las cosas ordenadas. -- La sabiduría ilustra el patrón de la creación (3:19-20) El retrato a todo color (8:1-31). -- Sabiduría: sus principales características. -- Parte 2: Instructores de Wisdom y detractores de Wisdom (1:1-9:18). -- Diez charlas paternales. -- Los detractores de la sabiduría. -- Violencia de pandillas (1:10-19). -- Promiscuidad sexual. -- Pereza. -- Rechazo de los valores de los padres Alumnos problemáticos. -- ¿El camino de la Sabiduría o el camino de la Locura?. -- Parte 3: Los métodos de la sabiduría. -- La teología de la experiencia vivida 'Antología de gnomos'. -- Estructura cuádruple. -- La imaginación de la sabiduría |
| 563 ## - NOTA DE ENCUADERNACIÓN |
| Nota de encuadernación |
Rústico |
| 630 07 - TITULO UNIFORME |
| Título uniforme |
Biblia. |
| Nombre de parte o sección de la obra |
Proverbios |
| Subdivisión de materia general |
Crítica, interpretación, etc |
| 830 #0 - PUNTO DE ACCESO ADICIONAL DE SERIE - TÍTULO UNIFORME |
| Título uniforme |
Bible speaks today. |
| 942 ## - TIPO DE MATERIAL (KOHA) |
| Tipo de Item KOHA |
Libros General |
| 945 ## - INFORMACIÓN LOCAL DEL REGISTRO |
| Catalogador |
JTF-925 |